Jugadores del Deportivo de A Coruña 22/23 - Estadísticas

Estadísticas generales
  • Esta prueba ha sido intentada 37 veces
  • La puntuación promedio es 11 de 22
Estadísticas de respuestas
Respuesta % Correcto
Mario Soriano
92%
Ian Mackay
83%
Alberto Quiles
71%
Trilli
67%
Alex Bergantiños
58%
Antoñito
58%
Diego Villares
58%
Isi Gomez
54%
Adrián Lapeña
50%
Jaime Sanchez
50%
Roberto Olabe
50%
Pablo Brea
46%
Ruben Diez
46%
Kuki Zalazar
42%
Edu Sousa
38%
Gorka Santamaría
38%
Max Svensson
38%
Raúl Carnero
38%
Victor Narro
38%
Alberto Retuerta
33%
Ibai Gomez
33%
Borja Granero
21%
No se encontraron pruebas coincidentes
Distribución de puntuación
Porcentaje de gente con cada puntuación
Porcentaje por número respondido
Historial de tus puntuaciones
No has intentado esta prueba.